LEADER 00907nam a2200193 i 4500 001 000000258582 003 CaOOAMICUS 005 20200806155945.0 008 180521s1748 ne u000 u lat u 013 $a237490 040 $aSeMil$bita 245 10$aTomus 2. 300 $aP. [2], 573-1073, [64], carte di tav. ripieg. LXIII-CXXVII :$bill. 500 $aSegn.: pg1 4D2 4E-7C4 7D2. 773 0 $aNewton, Isaac <1642-1727>$tPhysices elementa mathematica, experimentis confirmata; sive introductio ad philosophiam Newtonianam. Auctore Guglielmo Jacobo 's Gravesande. Tomus 1. [-2.].$bEditio quarta, auctior & correctior.$dLeidae : Apud Johannem Arnoldum Langerak, Joannem et Hermannum Verbeek bibliop., 1748.$g2$w()31379 850 $aSeMil 852 $aSeMil$W1$xVenegono$y1$m3W V 46 FA$j208928$B208928$CSeMilBibl$Z2$F222633 $8I 996 $6245$aTomus 2$9(OLS)http://semarc/title/93022 LEADER 01671nam a2200325 i 4500 001 000000081012 003 CaOOAMICUS 005 20180130000000.0 008 180130s2016 it u000 u ita u 013 $a53250 020 $a978-88-230-2002-3 040 $aSeMil$bita 245 10$aViaggio nel lavoro di cura :$bchi sono, cosa fanno e come vivono le badanti che lavorano nelle famiglie italiane /$ca cura di Raffaella Maioni e Gianfranco Zucca ; con saggi di Claudia Alemani ... [et al.] ; con contributi di Pina Brustolin ... [et al.] ; prefazione di Livia Turco ; postfazione di Maria Gallotti. 260 $aRoma :$bEdiesse,$ccopyr. 2016. 300 $a300 p. + 1 dvd ;$c21 cm. 490 0 $aMateriali 650 4$aBadanti - Italia.$0(OLS)http://semarc/subject/45395 700 1 $aMaioni, Raffaella.$0(OLS)http://semarc/name/91571 700 1 $aZucca, Gianfranco.$0(OLS)http://semarc/name/91572 700 1 $aGallotti, Maria.$0(OLS)http://semarc/name/91576 700 1 $aBrustolin, Pina.$0(OLS)http://semarc/name/91574 700 1 $aTurco, Livia.$0(OLS)http://semarc/name/91575 700 1 $aAlemani, Claudia.$0(OLS)http://semarc/name/91573 830 0$aMateriali.$0(OLS)http://semarc/title/589 850 $aSeMil 852 $aSeMil$W1$xVenegono$y1$m3N II 702$j46353$B46353$CSeMilBibl$Z2$F48609 $81 961 $aOmaggio: Delpini mons. Mario 996 $6020$a978-88-230-2002-3$9(OLS)http://semarc/number/270931 996 $6245$aViaggio nel lavoro di cura :$bchi sono, cosa fanno e come vivono le badanti che lavorano nelle famiglie italiane$9(OLS)http://semarc/title/404299 996 $6260$aRoma :$bEdiesse$9(OLS)http://semarc/publisher/34167